000 01642nam0a22003251 4500
001 rc\990663
005 20260429141625.0
035 _a(NLR Aleph) 006157909
090 _a5831705
_c5831705
100 _a20041129d1981 u y0rusy50 ca
101 0 _arus
102 _aRU
105 _aa |||||||||
200 1 _aШумят сосны
_eСтихи
_fХусей Джаубаев
_gПер. с карачаев. Л. Ханбеков
_g[Худож. Ф. И. Марков]
210 _aЧеркесск
_cСтавроп. кн. изд-во. Карачаев.-Черкес. отд-ние
_d1981
215 _a174 с.
_cил.
_d17
300 _aВ вып. дан. авт.: Хусей Мухаджирович Джаубаев
327 0 _aЦиклы: Голубое чудо - Теберда; Дотронься до звезды; И солдатом стояла скала; На дне кошелька
464 0 _12001#$aГолубое чудо - Теберда
_tГолубое чудо - Теберда
464 0 _12001#$aДотронься до звезды
_tДотронься до звезды
464 0 _12001#$aИ солдатом стояла скала
_tИ солдатом стояла скала
464 0 _12001#$aНа дне кошелька
_tНа дне кошелька
700 1 _7ca
_8rus
_aДжаубаев
_bХ. М.
_f1936-1991
_gХусей Мухаджирович
_92707239
_3RU\NLR\AUTH\770293033
702 1 _aХанбеков
_bЛ. В.
_gЛеонид Васильевич
_4730
801 0 _aRU
_bNLR
_gpsbo
801 1 _aRU
_bELAR
_2rusmarc
852 _aNLR
_j82-2/844
942 _cBOOK
980 _aNB